| 000 -LEADER |
| fixed length control field |
00866cam a2200217 i 4500 |
| 003 - CONTROL NUMBER IDENTIFIER |
| control field |
OSt |
| 005 - DATE AND TIME OF LATEST TRANSACTION |
| control field |
20200312065813.0 |
| 008 - FIXED-LENGTH DATA ELEMENTS--GENERAL INFORMATION |
| fixed length control field |
130213s2013 enk b 001 0 eng |
| 020 ## - INTERNATIONAL STANDARD BOOK NUMBER |
| International Standard Book Number |
9780857858528 |
| 040 ## - CATALOGING SOURCE |
| Original cataloging agency |
DLC |
| Language of cataloging |
eng |
| Description conventions |
rda |
| Transcribing agency |
DLC |
| Modifying agency |
DLC |
| 082 00 - DEWEY DECIMAL CLASSIFICATION NUMBER |
| Classification number |
720.47 |
| Edition number |
23 |
| Item number |
STU |
| 245 04 - TITLE STATEMENT |
| Title |
The handbook of design for sustainability / |
| Statement of responsibility, etc |
edited by Stuart Walker and Jacques Giard. |
| 300 ## - PHYSICAL DESCRIPTION |
| Extent |
xxvi, 550 pages ; |
| Dimensions |
25 cm |
| 504 ## - BIBLIOGRAPHY, ETC. NOTE |
| Bibliography, etc |
Includes bibliographical references and index. |
| 505 0# - FORMATTED CONTENTS NOTE |
| Formatted contents note |
Historical and Theoretical Perspectives -- Methods and Approaches -- Sustainability In Practice -- Emerging Directions and Sustainable Futures. |
| 650 #0 - SUBJECT ADDED ENTRY--TOPICAL TERM |
| Topical term or geographic name as entry element |
Sustainable design. |
| 700 1# - ADDED ENTRY--PERSONAL NAME |
| Personal name |
Walker, Stuart, |
| Dates associated with a name |
1955- |
| Relator term |
editor of compilation. |
| 700 1# - ADDED ENTRY--PERSONAL NAME |
| Personal name |
Giard, Jacques, |
| Relator term |
editor of compilation. |
| 700 12 - ADDED ENTRY--PERSONAL NAME |
| Personal name |
Ehrenfeld, John, |
| Relator term |
author. |
| Title of a work |
Roots of unsustainability. |
| 942 ## - ADDED ENTRY ELEMENTS (KOHA) |
| Source of classification or shelving scheme |
|